000 00552nam a22002177a 4500
003 UA-OsUOA
001 69523
007 ta
008 20100625b un ||||| |||| 00| 0 ukr d
100 _aАнтоненко П.
090 _a94(477)
_bА72
942 _cSA
040 _aUA-OsUOA
_bukr
_cUA-OsUOA
_dUA-OsUOA
245 _aГеноцид прощенню не підлягає
300 _aС.5
955 _a0
041 _aukr
080 _a94(477)
773 0 _w69522
650 7 _a9 Географія. Біографії. Історія
_2UDC
999 _c355778
_d355778